Top Teammates of Kobe Bryant - Statistics

General Stats
  • This quiz has been taken 2,141 times
  • The average score is 5 of 12
Answer Stats
Win Shares Position Years Teammate % Correct
97.0 C 1996–2004 Shaquille O'Neal
100%
59.2 C 2008–2014 Pau Gasol
88%
45.3 PG 1997–2012 Derek Fisher
70%
37.0 C 2006–2012 Andrew Bynum
48%
53.0 PF 2005–2011 Lamar Odom
48%
17.0 SF 2010–2016 Metta World Peace
47%
24.0 SF 1998–2004 Rick Fox
41%
30.4 PF 1997–2003 Robert Horry
41%
14.3 PG 1997–1998 Nick Van Exel
24%
21.7 SG 1997–1999 Eddie Jones
21%
13.2 SF 2004–2012 Luke Walton
14%
13.5 SF 2000–2006 Devean George
9%
No matching quizzes found
Score Distribution
Percent of People with Each Score
Percentile by Number Answered
Your Score History
You have not taken this quiz